Les préfixes en Esperanto - Statistiques

Statistiques générales
  • Ce quiz a été pris 3 fois
  • Le résultat moyen est 3 sur 10
Statistiques - réponses
SIGNIFICATION PREFIXE % Correct
parenté par alliance bo
67%
contraire d'un mot mal
67%
le plus important, principal cxef
33%
action soudaine, commencement ek
33%
des 2 sexes ge
33%
primitif, il y a longtemps pra
33%
qui se divise, se sépare dis
0%
qui à été et qui n'est plus eks
0%
erreur, défaut mis
0%
faire ou devenir à nouveau comme avant re
0%
Aucun quiz correspondant
Distribution des résultats
% des personnes avec chaque résultat
Percentile par nombre de réponses
Votre historique - résultats
Vous n’avez pas pris ce quiz